LEADER 01278nam--2200373---4500 001 990000500650203316 005 20090729143659.0 010 $a88-14-06110-6 035 $a0050065 035 $aUSA010050065 035 $a(ALEPH)000050065USA01 035 $a0050065 100 $a20010611d1996----km-y0ENGy0103----ba 101 $aita 102 $aIT 200 1 $a<> nuova normativa di sicurezza sul lavoro$ecommento al D- Lgs. 19 settembre 1994, n.626 integrato e modificato dal D. Lgs. 19 marzo 1996, n.242$fFernanda Cervetti Spriano 210 $aMilano$cGiuffrè$dc1996 215 $aXVII, 384 p.$d24 cm 410 $12001 606 0 $aInfortuni sul lavoro$xPrevenzione$xLegislazione 606 0 $aMalattie del lavoro$xPrevenzione$xLegislazione 676 $a344.450465 700 1$aCERVETTI SPRIANO,$bFernanda$0344079 801 0$aIT$bsalbc$gISBD 912 $a990000500650203316 951 $aXXV.2.B 127 (IG III 703)$b12010 G$cXXV.2.B 127 (IG III)$d00237526 959 $aBK 969 $aGIU 979 $aPATTY$b90$c20010611$lUSA01$h1146 979 $c20020403$lUSA01$h1659 979 $aPATRY$b90$c20040406$lUSA01$h1635 979 $aRSIAV1$b90$c20090729$lUSA01$h1436 996 $aNuova normativa di sicurezza sul lavoro$9656608 997 $aUNISA LEADER 02343nam 2200445Ia 450 001 9910975317503321 005 20251116173837.0 035 $a(CKB)1000000000333133 035 $a(EBL)291816 035 $a(OCoLC)437178446 035 $a(OCoLC)568535143 035 $a(MiAaPQ)EBC291816 035 $a(EXLCZ)991000000000333133 100 $a20020110d2006 uy 0 101 0 $aeng 135 $aur|n|---||||| 181 $ctxt$2rdacontent 182 $cc$2rdamedia 183 $acr$2rdacarrier 200 10$aThais /$fadapted from the Opera Journeys lecture series by Burton D. Fisher 210 $aCoral Gables, FL $cOpera Journeys Pub.$dc2006 215 $a1 online resource (25 p.) 225 1 $aOpera Journeys mini guide series 300 $a"Opera (Comedie Lyrique) in French in three acts and seven scenes; Music by Jules Massenet; Libretto by Louis Gallet after a novel by Anatole France (1890); Premiere: grand Opera, Paris, France, March 1894." 311 08$a1-4337-0800-0 327 $a""THAIS/Opera Journeys Mini Guide Series""; ""Title Page""; ""Principal Characters in Thais""; ""Brief Story Synopsis""; ""Story Narrative with Music Highlight Examples""; ""Act I - Scene 1: Cenobite huts on the banks of the Nile River""; ""Act I - Scene 2: The terrace of Nicias's palace above the city of Alexandria""; ""Act II- Scene 1: At Thais's house""; ""Meditation""; ""Act II - Scene 2: In front of Thais's house""; ""Act III - Scene 1: The oasis. The huts of the White Nuns in the distance""; ""Act III - Scene 2: The dwellings of the Cenobites on the banks of the Nile River"" 327 $a""Act III - Scene 3: The garden of the convent of the White Nuns""""Analysis and Commentary"" 330 $aA comprehensive guide to Massenet's THAI?S, featuring Principal Characters in the opera, Brief Story Synopsis, Story Narrative with Music Highlight Examples, and an insightful and in depth Commentary and Analysis by Burton D. Fisher, noted opera author and lecturer.
410 0$aOpera Journeys mini guide series. 606 $aOperas$vStories, plots, etc 615 0$aOperas 676 $a880.915 700 $aFisher$b Burton D$01800023 801 0$bMiAaPQ 801 1$bMiAaPQ 801 2$bMiAaPQ 906 $aBOOK 912 $a9910975317503321 996 $aThais$94533490 997 $aUNINA